000
00298nam a22001337a 4500
008
181221b xxu||||| |||| 00| 0 eng d
020
_a
9780972577021
041
_a
eng
080
_2
7th
_a
338
100
_a
54
101
_a
MEN
245
_a
Successful Manager's
_c
Gebelein,S.H
942
_2
udc
_c
BK
999
_c
53655
_d
53655